000 00867nam a22002057a 4500
003 SISC
005 20181121135645.0
008 130702t xxu||||| |||| 00| 0 eng d
020 _a0716601826
050 _aAG 6
_b.C536 1981
082 _aREF 030
_bC43 1982
245 _aChildcraft, the how and why library/
260 _aChicago
_bChildcraft Int'l. Inc.
_cc1982.
300 _a368 p.
_bill. ; (col.) ;
_c25 cm.
500 _aincludes index
520 _a: v.1. Poems and rhymes.--v.2. Stories and fables.--v.3. Children everywhere.--v.4. World and space.--v.5. About animals.--v.6. The green kingdom.--v.7. How things work.--v.8. How we get things.--v.9. Holidays and customs.--v.10. Places to know.--v.11. Make and do.--v.12. Look and learn.--v.13. Mathemagic.--v.14. About me.--v.15. Guide for parents.
562 _e1
942 _2lcc
_cBK
999 _c3524
_d3524